Smallest Cities of the world - Statistics

General Stats
  • This quiz has been taken 45 times
  • The average score is 1 of 5
Answer Stats
Kilometers Answer % Correct
0.44 Vatican City
95%
Not defined Hum
8%
46.4 St. Davids
8%
4.6 Adamstown
5%
68.41 Opatoweic
3%
No matching quizzes found
Score Distribution
Percent of People with Each Score
Percentile by Number Answered
Your Score History
You have not taken this quiz